01340nam a22002777a 4500003000400000005001700004008004100021020003700062040002500099041000800124082001500132245004800147246002400195264009400219300007600313336002100389337002500410338002300435490008500458500009900543520022100642521006200863546002400925650002800949830008500977OSt20220524121302.0181122b my ||||| |||| 00| 0 may d a9786144086940cRM32.00qHardback aPPAKbengcPPAKerda hara a492.7522310aتعلم قواعد =bLearn Arabic Grammar10aTaallam Qawā‘id 4aBeirut - Lebanon :b لشرکة المستقبل الرقمي = DIGITAL FUTURE ,c ©2014 a180 pages ; c20 cm +e1 audio disc (CD MP3) : digital, stereo ; 12 cm. atext2rdacontent aunmediated2rdamedia avolume2rdacarrier1 a سلسله تعلم اللغة العربية = Arabic Language Learning Series aBook is accompanied one audio dics (CD MP3) electronic (MP3) and available at Multimedia Unit. a• This series provides a real reference for students to learn Arabic. • Helping students be fully acknowledged about Arabic language. • Simplify language grammars and rules for students in a contemporary style.3 aSuitable for general user or beginner in Arabic Language. aIn Arabic Language.00aArabic languagexSyntax 0a سلسله تعلم اللغة العربية = Arabic language learning series